[Event "10. Forchheimer Sparkassen Open"]
[Site "Forchheim"]
[Date "2011.10.08"]
[Round "2.82"]
[White "Häusler, Luis"]
[Black "Heinlein, Hans-Albert"]
[Result "1-0"]
[WhiteElo "996"]
[BlackElo "1430"]
[PlyCount "85"]
[EventDate "2011.??.??"]
[WhiteTeam "Spvgg 1946 e.V. Stetten"]
[BlackTeam "SF Fürth 1951 e.V."]

1. e4 {[%emt 0:00:00]} e5 2. f4 Nc6 3. Nf3 d6 4. Bc4 h6 5. O-O Nf6 6. d3 Bg4 7.
Nc3 Nd4 8. Be3 Nxf3+ 9. gxf3 Bh5 10. fxe5 dxe5 11. Qd2 a6 12. f4 exf4 13. Bxf4
Ng4 14. h3 Bc5+ 15. Kg2 Nf6 16. Be5 Rg8 17. Kh1 Bd4 18. Bxf6 Bxf6 19. Qf4 Qd7
20. Kh2 O-O-O 21. e5 Bg5 22. Qe4 Bg6 23. Qf3 Rgf8 24. Bxa6 c6 25. Bc4 Qd4 26.
Qg4+ Qxg4 27. hxg4 h5 28. gxh5 Rh8 29. Bxf7 Bxh5 30. Bxh5 Rxh5+ 31. Kg2 Rdh8
32. Rh1 Bh4 33. d4 Rg5+ 34. Kf3 Rf8+ 35. Ke3 Bf2+ 36. Kd3 Rg3+ 37. Kc4 Rf4 38.
Rad1 Rg6 39. Rhf1 c5 40. Ne2 Rf5 41. c3 Kc7 42. Rd3 b5+ 43. Kxc5 {Rest
unleserlich} 1-0

[Event "10. Forchheimer Sparkassen Open"]
[Site "Forchheim"]
[Date "2011.10.08"]
[Round "2.83"]
[White "Daumin, Jan"]
[Black "Schilay, Eva"]
[Result "1-0"]
[WhiteElo "1429"]
[BlackElo "1052"]
[PlyCount "65"]
[EventDate "2011.??.??"]

1. e4 {[%emt 0:00:00]} e5 2. Nf3 Nc6 3. d4 exd4 4. Nxd4 Nxd4 5. Qxd4 Nf6 6. Bd3
b6 7. e5 Bc5 8. Qf4 Nd5 9. Qg3 g6 10. O-O d6 11. Bd2 Bf5 12. Bxf5 gxf5 13. Qg7
Rf8 14. Bh6 Kd7 15. Qxh7 Qh4 16. Qxf5+ Ke8 17. Bxf8 Kxf8 18. e6 Qe7 19. Qxd5
Rb8 20. exf7 c6 21. Qh5 Qf6 22. Nc3 Ke7 23. Rae1+ Kf8 24. Ne4 Qd8 25. Nxc5 bxc5
26. Re8+ Qxe8 27. fxe8=Q+ Rxe8 28. Qh8+ Ke7 29. Re1+ Kd7 30. Qxe8+ Kc7 31. Re7+
Kb6 32. Qb8+ Ka6 33. Rxa7# 1-0

[Event "10. Forchheimer Sparkassen Open"]
[Site "Forchheim"]
[Date "2011.10.08"]
[Round "2.84"]
[White "Franz, Kurt"]
[Black "Hasenstab, Rainer"]
[Result "1/2-1/2"]
[WhiteElo "1413"]
[BlackElo "977"]
[PlyCount "148"]
[EventDate "2011.??.??"]
[WhiteTeam "SC Kirchseeon e.V."]
[BlackTeam "Schachfreunde Sailauf"]

1. d4 {[%emt 0:00:00]} e6 {[%emt 0:00:00]} 2. c4 c5 3. Nf3 Qa5+ 4. Bd2 Qb6 5.
Bc3 Nf6 6. Nbd2 d5 7. e3 Nbd7 8. Qc2 Bd6 9. Bd3 Qc7 10. Rc1 b6 11. dxc5 bxc5
12. Bxf6 Nxf6 13. Nb3 Bd7 14. cxd5 exd5 15. Nxc5 Bxc5 16. Qxc5 Qxc5 17. Rxc5
Be6 18. Bb5+ Bd7 19. Bxd7+ Kxd7 20. Ke2 Rhe8 21. Nd4 Rac8 22. Rhc1 Rxc5 23.
Rxc5 Rc8 24. Rxc8 Kxc8 25. Nc6 Kb7 26. Nd8+ Kb6 27. Nxf7 a5 28. h3 Kc5 29. Ng5
Kd6 30. Kd3 h6 31. Nf7+ Ke6 32. Nd8+ Kd7 33. Nf7 Ke7 34. Ne5 Kd6 35. Nf3 Ne4
36. Nd4 g6 37. f3 Nc5+ 38. Kc2 a4 39. b3 axb3+ 40. axb3 Na6 41. Kc3 Kc5 42.
Ne6+ Kd6 43. Nf4 g5 44. Nd3 Nc7 45. Nf2 Nb5+ 46. Kb4 Kc6 47. Ng4 h5 48. Nf6 h4
49. Nh7 d4 50. exd4 Nxd4 51. Nxg5 Nc2+ 52. Kc3 Ne3 53. f4 Nd5+ 54. Kc4 Nxf4 55.
Nf3 Nxg2 56. b4 Kb6 57. b5 Ne3+ 58. Kd4 Ng2 59. Kc4 Ne3+ 60. Kb4 Ng2 61. Ka4
Nf4 62. Ng5 Nd5 63. Nf3 Nf4 64. Nxh4 Nxh3 65. Ng6 Ng5 66. Nf4 Nf7 67. Nd5+ Kc5
68. Nf6 Kb6 69. Nd7+ Kb7 70. Ka5 Nd6 71. Nc5+ Kb8 72. Nd7+ Kc7 73. b6+ Kxd7 74.
Ka6 Kc6 1/2-1/2

[Event "10. Forchheimer Sparkassen Open"]
[Site "Forchheim"]
[Date "2011.10.08"]
[Round "2.85"]
[White "Wegmann, Simon"]
[Black "Steindl, Horst"]
[Result "1-0"]
[WhiteElo "1397"]
[BlackElo "911"]
[PlyCount "75"]
[EventDate "2011.??.??"]

1. e4 {[%emt 0:00:00]} c6 2. d4 d5 3. e5 Bf5 4. Nc3 e6 5. g4 Bg6 6. h4 h5 7. g5
Nd7 8. f4 Bb4 9. a3 Bxc3+ 10. bxc3 Qc7 11. Rh3 O-O-O 12. Bd3 f5 13. Kf2 Be8 14.
Ne2 g6 15. a4 Nb6 16. Ba3 Nc4 17. Bxc4 dxc4 18. Bd6 Qd7 19. Qb1 Nf6 20. gxf6
Bf7 21. Qb4 Rh7 22. Qxc4 Bg8 23. a5 a6 24. Qc5 Qf7 25. Qb6 Rxd6 26. exd6 Qd7
27. Qb4 Rf7 28. c4 Qd8 29. Rb1 Rd7 30. Rhb3 Qxf6 31. Kg3 g5 32. hxg5 h4+ 33.
Kh3 Qg7 34. Re3 Qg6 35. c5 Qh5 36. Qb6 Qg4+ 37. Kh2 h3 38. Rg1 1-0

[Event "10. Forchheimer Sparkassen Open"]
[Site "Forchheim"]
[Date "2011.10.08"]
[Round "2.86"]
[White "Jüschke, Arno"]
[Black "Grüninger, Maxim"]
[Result "1-0"]
[WhiteElo "1378"]
[BlackElo "867"]
[PlyCount "79"]
[EventDate "2011.??.??"]
[WhiteTeam "ASV Möhrendorf Schachtreff"]
[BlackTeam "SC Erlangen 48/88 e.V."]

1. c4 {[%emt 0:00:00]} e5 2. Nc3 Bc5 3. d3 d6 4. g3 Bg4 5. Bg2 h6 6. Nf3 Nc6 7.
O-O Nf6 8. Re1 Bd4 9. Nxd4 exd4 10. Ne4 O-O 11. a3 a5 12. Qc2 Qe7 13. e3 d5 14.
Nxf6+ Qxf6 15. Bxd5 dxe3 16. Bxe3 Bh3 17. Bg2 Bg4 18. Rac1 b6 19. Qc3 Qg6 20.
b4 axb4 21. axb4 Rad8 22. d4 Qf6 23. d5 Qxc3 24. Rxc3 Nxb4 25. Bf4 Rd7 26. h3
Bf5 27. Bf1 Nc2 28. Rc1 Nd4 29. Re3 Ra8 30. Kg2 Nc2 31. Rc3 Ra2 32. Bd3 Bxd3
33. Rxd3 Re7 34. Rd2 Ne1+ 35. Rxe1 Rxe1 36. Rxa2 Re7 37. Ra7 g5 38. Rxc7 Kf8
39. Bd6 Kg7 40. Rxe7 1-0

[Event "10. Forchheimer Sparkassen Open"]
[Site "Forchheim"]
[Date "2011.10.08"]
[Round "2.87"]
[White "Wichmann, Jörg"]
[Black "Schilay, Maria"]
[Result "1-0"]
[WhiteElo "1363"]
[BlackElo "797"]
[PlyCount "103"]
[EventDate "2011.??.??"]

1. e4 {[%emt 0:00:00]} e5 2. Nf3 Nc6 3. Bc4 Bc5 4. c3 Nf6 5. d4 d5 6. exd5 Nxd5
7. dxc5 Be6 8. O-O O-O 9. Be3 e4 10. Nd4 Nxe3 11. fxe3 Bxc4 12. Re1 Qg5 13. Nd2
Nxd4 14. cxd4 Be6 15. Nxe4 Qg6 16. Ng3 Bg4 17. Qd2 Rae8 18. Qa5 b6 19. cxb6
axb6 20. Qc3 b5 21. Qxc7 Rc8 22. Qe5 Qd3 23. Qe4 Qxe4 24. Nxe4 Rce8 25. Nf2 Bh5
26. Rac1 Rb8 27. Rc5 g6 28. Rec1 b4 29. Ne4 Rfe8 30. Nf6+ Kf8 31. Nxe8 Rxe8 32.
Rc8 Bg4 33. Rxe8+ Kxe8 34. Rc4 Be6 35. Rxb4 Bxa2 36. Kf2 Ke7 37. g3 h5 38. e4
Ke6 39. Rb6+ Ke7 40. Ke3 Ke8 41. e5 Ke7 42. Ra6 Bc4 43. Rb6 Ke8 44. b4 Ke7 45.
Rc6 Ke8 46. Rxc4 Ke7 47. b5 Ke8 48. b6 Ke7 49. b7 Ke8 50. b8=Q+ Ke7 51. Qd6+
Ke8 52. Rc8# 1-0

[Event "10. Forchheimer Sparkassen Open"]
[Site "Forchheim"]
[Date "2011.10.08"]
[Round "2.88"]
[White "Tschammer, Kai"]
[Black "Shen, Julian"]
[Result "0-1"]
[WhiteElo "759"]
[BlackElo "1363"]
[PlyCount "120"]
[EventDate "2011.??.??"]
[WhiteTeam "SC Erlangen 48/88 e.V."]
[BlackTeam "SK Rothenburg e.V."]

1. e4 {[%emt 0:00:00]} d5 2. exd5 Qxd5 3. Nc3 Qd6 4. d4 c6 5. Nf3 Nf6 6. Bd3
Bg4 7. Be2 e6 8. O-O Nbd7 9. h3 Bh5 10. Re1 Qc7 11. Bd2 Bd6 12. Qc1 O-O 13. Bg5
h6 14. Bd2 Nb6 15. b3 Nbd5 16. Nxd5 cxd5 17. Ne5 Bxe5 18. dxe5 Qxe5 19. Bxh5
Qxh5 20. Qd1 Qxd1 21. Rexd1 Rac8 22. Rac1 Rc6 23. Re1 Rfc8 24. c3 Ne4 25. Re2
Nxd2 26. Rxd2 Rxc3 27. Rxc3 Rxc3 28. Kf1 Kf8 29. Ke2 Ke7 30. Rd1 Rc2+ 31. Ke1
Rxa2 32. Rc1 Kd6 33. Rc3 Rb2 34. Kf1 d4 35. Rd3 Kd5 36. f3 e5 37. Kg1 e4 38.
fxe4+ Kxe4 39. Rd1 Rxb3 40. Re1+ Re3 41. Rd1 d3 42. Kf2 Re2+ 43. Kf1 Ke3 44. g4
Rf2+ 45. Kg1 Ke2 46. Ra1 d2 47. Rb1 Rf4 48. Kg2 d1=Q 49. Rxd1 Kxd1 50. Kg3 a5
51. Kxf4 a4 52. Ke3 a3 53. Kd3 a2 54. Ke3 a1=Q 55. Kd3 Qa3+ 56. Ke4 Qb4+ 57.
Kd5 Ke2 58. Ke5 Ke3 59. h4 Qd4+ 60. Kf5 Qe4# 0-1

[Event "10. Forchheimer Sparkassen Open"]
[Site "Forchheim"]
[Date "2011.10.08"]
[Round "3.4"]
[White "Krauß, Josef"]
[Black "Golda, Harald"]
[Result "0-1"]
[WhiteElo "2135"]
[BlackElo "2278"]
[PlyCount "94"]
[EventDate "2011.??.??"]
[WhiteTeam "SV Würzburg von 1865 e.V."]
[BlackTeam "Schachklub Schweinfurt 2000 e.V."]

1. e4 {[%emt 0:00:00]} c5 2. c3 d5 3. exd5 Qxd5 4. d4 Nf6 5. Nf3 e6 6. Na3 a6
7. Nc4 Nbd7 8. Bg5 cxd4 9. Bxf6 gxf6 10. Qxd4 Qxd4 11. Nxd4 Bc5 12. Rd1 Ne5 13.
Nb3 Nxc4 14. Nxc5 Nxb2 15. Rb1 b6 16. Nxa6 Bxa6 17. Rxb2 Bxf1 18. Rxf1 Ra6 19.
f4 Ke7 20. Rff2 Rc8 21. Rfc2 e5 22. Ke2 Ke6 23. Kf3 h5 24. h3 Rc4 25. Rb4 Rxb4
26. cxb4 Ra3+ 27. Kf2 Kf5 28. fxe5 fxe5 29. Kf1 Ra4 30. a3 Rxa3 31. Rc6 Ra1+
32. Kf2 Ra2+ 33. Kf1 b5 34. Rb6 Rb2 35. Rxb5 Ke4 36. Kg1 f5 37. Rb8 Ke3 38. b5
h4 39. b6 Rb1+ 40. Kh2 e4 41. b7 f4 42. Rh8 Rxb7 43. Rxh4 Rb2 44. Kg1 Rb1+ 45.
Kh2 f3 46. gxf3 exf3 47. Ra4 Ke2 0-1

[Event "10. Forchheimer Sparkassen Open"]
[Site "Forchheim"]
[Date "2011.10.08"]
[Round "3.5"]
[White "Walter, Florian"]
[Black "Gegenfurtner, Jürgen"]
[Result "0-1"]
[WhiteElo "2092"]
[BlackElo "2252"]
[PlyCount "152"]
[EventDate "2011.??.??"]

1. c4 {[%emt 0:00:00]} e6 2. g3 d5 3. Bg2 Nf6 4. Nf3 c5 5. cxd5 exd5 6. d4 Nc6
7. O-O Be7 8. Nc3 O-O 9. dxc5 Bxc5 10. Bg5 d4 11. Ne4 Be7 12. Nxf6+ Bxf6 13.
Bxf6 Qxf6 14. Qd2 Bg4 15. b4 Rad8 16. h3 Bf5 17. b5 Ne5 18. g4 Be4 19. Nxe5
Bxg2 20. Nd7 Rxd7 21. Kxg2 Qe5 22. Qd3 Re8 23. Rfe1 h5 24. a4 Qg5 25. Qg3 Rde7
26. Rad1 Re4 27. gxh5 Qxh5 28. Qf3 Qg5+ 29. Qg3 Qd5 30. Qf3 R8e6 31. Kh1 Rf6
32. Qg2 Rg6 33. Qf3 Rh4 34. e4 Qe6 35. Rd3 Rgh6 36. Kh2 Rf6 37. Qg2 Qa2 38. Rf3
Rhf4 39. Rxf4 Rxf4 40. f3 Qxa4 41. Rg1 g6 42. Qg5 Rxf3 43. Qd5 Rf6 44. e5 Rf2+
45. Rg2 Rxg2+ 46. Kxg2 Qc2+ 47. Kh1 Qd1+ 48. Kg2 Qe2+ 49. Kg1 Qe3+ 50. Kh2 Qf4+
51. Kg2 b6 52. e6 Qd2+ 53. Kf1 Qd3+ 54. Kg2 Qe2+ 55. Kg3 Qe3+ 56. Kg2 Qxe6 57.
Qd8+ Kh7 58. Qh4+ Kg8 59. Qd8+ Kg7 60. Qxd4+ Qf6 61. Qd7 Qb2+ 62. Kg3 Qc3+ 63.
Kg2 Qc4 64. Qc6 Qe2+ 65. Kg3 Qd3+ 66. Kg2 a6 67. bxa6 Qxa6 68. Qc3+ Kh7 69. h4
Qa2+ 70. Kg3 Qd5 71. Qf6 Qb3+ 72. Kg2 Qe6 73. Qf4 b5 74. Qb4 Qd5+ 75. Kf2 Qc4
76. Qd6 Qxh4+ 0-1

[Event "10. Forchheimer Sparkassen Open"]
[Site "Forchheim"]
[Date "2011.10.08"]
[Round "3.6"]
[White "Holzhäuer, Mathias"]
[Black "Nieke, Karl-Friedrich"]
[Result "1-0"]
[WhiteElo "2242"]
[BlackElo "1615"]
[PlyCount "37"]
[EventDate "2011.??.??"]
[WhiteTeam "SK Schmiden/Cannstatt"]
[BlackTeam "SK Lauffen"]

1. e4 {[%emt 0:00:00]} d5 2. exd5 Qxd5 3. Nc3 Qa5 4. d4 Bf5 5. Bc4 Bg6 6. Bd2
c6 7. Qe2 Nf6 8. O-O-O Qf5 9. Bb3 Na6 10. h3 O-O-O 11. g4 Qd7 12. Nf3 e6 13.
Ne5 Qc7 14. Bg5 Be7 15. h4 h6 16. Nxg6 fxg6 17. Qxe6+ Kb8 18. Be3 Bd6 19. g5
1-0

[Event "10. Forchheimer Sparkassen Open"]
[Site "Forchheim"]
[Date "2011.10.08"]
[Round "3.8"]
[White "Link, Fabian"]
[Black "Wagner, Florian"]
[Result "0-1"]
[WhiteElo "1666"]
[BlackElo "2212"]
[PlyCount "88"]
[EventDate "2011.??.??"]
[WhiteTeam "SC Kitzingen von 1905"]
[BlackTeam "SC Noris-Tarrasch Nürnberg 1873"]

1. c4 {[%emt 0:00:00]} e5 2. Nc3 Nc6 3. g3 Bc5 4. Bg2 d6 5. d3 a6 6. e4 Be6 7.
Nf3 Qc8 8. Nd5 Nge7 9. Ne3 f6 10. a3 Ba7 11. b3 O-O 12. O-O Nd8 13. Ne1 f5 14.
exf5 Nxf5 15. Nxf5 Bxf5 16. Nc2 Ne6 17. Be3 Nc5 18. d4 Nd7 19. dxe5 Bxc2 20.
Qxc2 Bxe3 21. fxe3 Rxf1+ 22. Rxf1 Nxe5 23. Be4 g6 24. c5 c6 25. cxd6 Qe6 26.
Qc5 Rd8 27. Rd1 Nf7 28. Qc4 Rxd6 29. Rxd6 Qxd6 30. Qc2 Qxa3 31. h4 Qd6 32. Kg2
Ne5 33. h5 Kg7 34. hxg6 hxg6 35. Qc3 Kh7 36. Bc2 Ng4 37. e4 Ne5 38. b4 g5 39.
g4 Qe6 40. Qh3+ Kg7 41. Bd1 Qa2+ 42. Kg1 Qa1 43. Qf1 Qd4+ 44. Qf2 Qxd1+ 0-1

[Event "10. Forchheimer Sparkassen Open"]
[Site "Forchheim"]
[Date "2011.10.08"]
[Round "3.9"]
[White "Schäfer, Ann-Kathrin"]
[Black "Kesik, Klaus-Dieter"]
[Result "0-1"]
[WhiteElo "1591"]
[BlackElo "2199"]
[PlyCount "32"]
[EventDate "2011.??.??"]

1. e4 {[%emt 0:00:00]} Nf6 2. Nc3 d5 3. exd5 Nxd5 4. Nxd5 Qxd5 5. d4 Nc6 6. Nf3
Bg4 7. c3 O-O-O 8. Be2 e5 9. dxe5 Qe4 10. Bd2 Bxf3 11. gxf3 Qxe5 12. O-O Bd6
13. f4 Qf6 14. b4 Bxf4 15. Bf3 Rxd2 16. Qb3 Qh4 0-1

[Event "10. Forchheimer Sparkassen Open"]
[Site "Forchheim"]
[Date "2011.10.08"]
[Round "3.10"]
[White "Neuman, Petr"]
[Black "Kliem, Klaus-Peter"]
[Result "1-0"]
[WhiteElo "2474"]
[BlackElo "1688"]
[PlyCount "49"]
[EventDate "2011.??.??"]
[WhiteTeam "TSV Bindlach Aktionär-Schachabte"]
[BlackTeam "SF Oeffingen e.V."]

1. d4 {[%emt 0:00:00]} Nf6 2. c4 g6 3. Nc3 Bg7 4. e4 d6 5. Nf3 O-O 6. Be2 c5 7.
O-O Nbd7 8. d5 a6 9. a4 Ng4 10. Ne1 Ngf6 11. h3 Ne8 12. Bg5 Bf6 13. Bxf6 Ndxf6
14. f4 e5 15. dxe6 fxe6 16. a5 Nc7 17. Nd3 Nfe8 18. e5 dxe5 19. Nxe5 Qe7 20.
Qd2 Nd6 21. g4 Nf7 22. Qe3 Nxe5 23. fxe5 Bd7 24. Ne4 Bc6 25. Nxc5 1-0

[Event "10. Forchheimer Sparkassen Open"]
[Site "Forchheim"]
[Date "2011.10.08"]
[Round "3.11"]
[White "Marholev, Dimitar"]
[Black "Berger, Nadja"]
[Result "1-0"]
[WhiteElo "2353"]
[BlackElo "1683"]
[PlyCount "43"]
[EventDate "2011.??.??"]

1. e4 {[%emt 0:00:00]} c5 2. Nc3 Nc6 3. Bb5 g6 4. Bxc6 bxc6 5. d3 Bg7 6. Nge2
Nf6 7. Be3 d6 8. h3 O-O 9. Qd2 Rb8 10. b3 Re8 11. O-O Qa5 12. Rad1 e5 13. f4
Nd7 14. f5 Nf6 15. Bh6 Qc7 16. Qg5 Qd8 17. Ng3 Rf8 18. Rf3 a5 19. Rdf1 Rb7 20.
Bxg7 Kxg7 21. fxg6 fxg6 22. Rxf6 1-0

[Event "10. Forchheimer Sparkassen Open"]
[Site "Forchheim"]
[Date "2011.10.08"]
[Round "3.12"]
[White "Heidrich, Manfred"]
[Black "Keller, Werner"]
[Result "1-0"]
[WhiteElo "2254"]
[BlackElo "1663"]
[PlyCount "87"]
[EventDate "2011.??.??"]
[WhiteTeam "SC Forchheim e.V."]
[BlackTeam "SW Nürnberg Süd e.V."]

1. e4 {[%emt 0:00:00]} d6 2. d4 g6 3. Nc3 Bg7 4. f4 e6 5. Nf3 Ne7 6. Be3 Nd7 7.
Qd2 b6 8. O-O-O Bb7 9. Kb1 d5 10. e5 Nf5 11. Bf2 h5 12. Ne2 c5 13. c3 Rc8 14.
g3 b5 15. Rg1 cxd4 16. cxd4 a5 17. h3 Bf8 18. Rc1 Rb8 19. g4 hxg4 20. hxg4 Ne7
21. Ng3 Ba6 22. Bd3 Nb6 23. Qxa5 Nc4 24. Qxd8+ Rxd8 25. b3 Nb6 26. Rh1 Rxh1 27.
Rxh1 Nc6 28. Kb2 Ba3+ 29. Kxa3 b4+ 30. Kb2 Bxd3 31. Ne1 Be4 32. Rh8+ Kd7 33.
Rxd8+ Kxd8 34. Kc1 Nd7 35. Nxe4 dxe4 36. Kd2 f5 37. exf6 Nxf6 38. Bh4 Ke7 39.
Ke3 Kf7 40. Bxf6 Kxf6 41. Kxe4 g5 42. fxg5+ Kxg5 43. Nf3+ Kf6 44. d5 1-0

[Event "10. Forchheimer Sparkassen Open"]
[Site "Forchheim"]
[Date "2011.10.08"]
[Round "3.13"]
[White "Scherer, Holger"]
[Black "Schoebel, Klaus"]
[Result "1/2-1/2"]
[WhiteElo "2070"]
[BlackElo "1659"]
[PlyCount "89"]
[EventDate "2011.??.??"]

1. e4 {[%emt 0:00:00]} e5 2. f4 Nc6 3. Nf3 d6 4. Nc3 Nf6 5. Bb5 Bd7 6. d3 Nd4
7. Nxd4 exd4 8. Bxd7+ Qxd7 9. Ne2 c5 10. O-O h5 11. c4 h4 12. h3 Nh5 13. f5 Be7
14. Nf4 Ng3 15. Rf2 O-O-O 16. Nd5 Bf6 17. b4 Be5 18. Rb1 Rde8 19. Rfb2 Nxf5 20.
exf5 Bg3 21. Bd2 Qxf5 22. Qg4 Qxg4 23. hxg4 Re2 24. Nf4 Rxd2 25. Rxd2 Bxf4 26.
Re2 Be3+ 27. Kf1 h3 28. gxh3 Rxh3 29. Kg2 Rh6 30. bxc5 dxc5 31. Rf1 f6 32. Kf3
Kd7 33. Rg2 Kd6 34. a4 Rh3+ 35. Ke2 Bg5 36. Rd1 b6 37. Rgg1 Rh2+ 38. Kf3 Rh3+
39. Kg2 Re3 40. Rgf1 Bh4 41. Rf3 Re2+ 42. Kh3 Bg5 43. Ra1 Ke5 44. Kg3 Be3 45.
Rf5+ 1/2-1/2

[Event "10. Forchheimer Sparkassen Open"]
[Site "Forchheim"]
[Date "2011.10.08"]
[Round "3.14"]
[White "Schöne, Steffen"]
[Black "Lodes, Hermann"]
[Result "0-1"]
[WhiteElo "1651"]
[BlackElo "2040"]
[PlyCount "88"]
[EventDate "2011.??.??"]
[WhiteTeam "Spvg Zabo-Eintracht Nürnberg e.V"]

1. Nc3 {[%emt 0:00:00]} d5 2. e4 c6 3. Nf3 g6 4. exd5 cxd5 5. Bb5+ Bd7 6. Qe2
Nf6 7. d4 a6 8. Bxd7+ Nbxd7 9. Bg5 Bg7 10. O-O O-O 11. Rfe1 e6 12. Ne5 Qc7 13.
Qf3 Nxe5 14. dxe5 Nd7 15. Bf4 Nxe5 16. Qg3 f6 17. Nd1 Rac8 18. Ne3 Qf7 19. Bxe5
fxe5 20. c3 e4 21. Ng4 Qf4 22. Qxf4 Rxf4 23. h3 Rf7 24. Re3 h5 25. Nh2 b5 26.
a3 a5 27. f3 b4 28. axb4 axb4 29. fxe4 bxc3 30. bxc3 d4 31. Rg3 dxc3 32. Rxg6
c2 33. Rc1 Rd7 34. Nf1 Rd1 35. Rxc2 Rxc2 36. Rxe6 Bd4+ 37. Kh2 Rxf1 38. e5 Kf7
39. h4 Kxe6 40. Kh3 Rc3+ 41. g3 Rff3 42. Kh2 Rxg3 43. Kh1 Rg4 44. Kh2 Bxe5+ 0-1

[Event "10. Forchheimer Sparkassen Open"]
[Site "Forchheim"]
[Date "2011.10.08"]
[Round "3.15"]
[White "Schädlich, Helmut"]
[Black "Karasek, Christian"]
[Result "1/2-1/2"]
[WhiteElo "1650"]
[BlackElo "2022"]
[PlyCount "82"]
[EventDate "2011.??.??"]

1. c4 {[%emt 0:00:00]} f5 2. g3 Nf6 3. Bg2 g6 4. e3 Bg7 5. Ne2 e5 6. d3 Nc6 7.
Nbc3 O-O 8. O-O Kh8 9. b3 a5 10. Bb2 d6 11. Qd2 Rb8 12. Nd5 Ng4 13. h3 Nh6 14.
f4 Be6 15. Rac1 Qd7 16. a3 b6 17. b4 axb4 18. axb4 Nd8 19. b5 c6 20. bxc6 Nxc6
21. Bc3 b5 22. Rb1 bxc4 23. Nb6 Qc7 24. Nxc4 d5 25. Na5 Nxa5 26. Bxa5 Qd7 27.
fxe5 Bxe5 28. Bc3 Qg7 29. Bxe5 Qxe5 30. Qc3 Nf7 31. Qxe5+ Nxe5 32. Nf4 Bg8 33.
Bxd5 Bxd5 34. Nxd5 Nxd3 35. Rbd1 Nc5 36. Nc3 Rb3 37. Nd5 Kg7 38. g4 fxg4 39.
Rxf8 Kxf8 40. hxg4 Kg7 41. Kg2 Rd3 1/2-1/2

[Event "10. Forchheimer Sparkassen Open"]
[Site "Forchheim"]
[Date "2011.10.08"]
[Round "3.16"]
[White "Hofmann, Paul"]
[Black "Seidenschwarz, Holger"]
[Result "0-1"]
[WhiteElo "1636"]
[BlackElo "2018"]
[PlyCount "30"]
[EventDate "2011.??.??"]
[WhiteTeam "FC Ergolding 1932 e.V."]
[BlackTeam "SC 1947 Beilngries"]

1. c4 {[%emt 0:00:00]} c6 2. d4 d5 3. Nc3 dxc4 4. a4 Nf6 5. e4 e5 6. dxe5 Qxd1+
7. Kxd1 Ng4 8. Nh3 Nxe5 9. f4 Bxh3 10. fxe5 Be6 11. Bf4 Na6 12. a5 O-O-O+ 13.
Ke2 Nb4 14. Kf3 Be7 15. g4 Nd3 0-1

[Event "10. Forchheimer Sparkassen Open"]
[Site "Forchheim"]
[Date "2011.10.08"]
[Round "3.17"]
[White "Voigt, Maik"]
[Black "Seitz, Hans"]
[Result "0-1"]
[WhiteElo "1625"]
[BlackElo "1977"]
[PlyCount "116"]
[EventDate "2011.??.??"]

1. c4 {[%emt 0:00:00]} e5 2. g3 Nf6 3. Bg2 d5 4. cxd5 Nxd5 5. Nc3 Nb6 6. Nf3
Nc6 7. a3 Be7 8. O-O O-O 9. e3 Re8 10. d4 exd4 11. Nxd4 Nxd4 12. exd4 c6 13. d5
Bd7 14. d6 Bf8 15. Qd3 Be6 16. Rd1 Bb3 17. Be3 Bxd1 18. Rxd1 Qd7 19. Ne4 Rad8
20. Bg5 Re5 21. Qf3 Rde8 22. Qd3 Rd5 23. Qb3 Bxd6 24. Rxd5 cxd5 25. Nxd6 Qxd6
26. Bd2 Qd7 27. Bf1 Nc4 28. Bc3 b5 29. Qd1 f6 30. Bg2 Rd8 31. Bd4 a6 32. Bf1
Qe6 33. Bd3 Ne5 34. Kg2 Nxd3 35. Qxd3 Qe4+ 36. Qxe4 dxe4 37. Bc3 Rd3 38. Kf1
Kf7 39. Ke2 Ke6 40. h3 g6 41. Bd2 Kd5 42. Bc3 f5 43. Bd2 Kc4 44. Kd1 Kb3 45.
Kc1 Rxd2 46. Kxd2 Kxb2 47. Ke3 Kxa3 48. Kf4 b4 49. Kg5 b3 50. Kh6 b2 51. Kxh7
g5 52. Kg6 f4 53. gxf4 gxf4 54. h4 b1=Q 55. h5 e3+ 56. Kg7 e2 57. h6 e1=Q 58.
h7 Qe7+ 0-1

[Event "10. Forchheimer Sparkassen Open"]
[Site "Forchheim"]
[Date "2011.10.08"]
[Round "3.18"]
[White "Körber, Christian"]
[Black "Ott, Florian"]
[Result "1/2-1/2"]
[WhiteElo "1586"]
[BlackElo "1974"]
[PlyCount "31"]
[EventDate "2011.??.??"]
[WhiteTeam "SF Fürth 1951 e.V."]
[BlackTeam "SG Siemens Amberg"]

1. Nf3 {[%emt 0:00:00]} Nf6 2. d4 g6 3. g3 Bg7 4. Bg2 O-O 5. O-O d6 6. c4 c5 7.
dxc5 dxc5 8. Nc3 Nc6 9. Bf4 Be6 10. b3 a6 11. Ne5 Nxe5 12. Bxe5 Qc8 13. Na4 Rd8
14. Qc2 Nd7 15. Bxg7 Kxg7 16. Rfd1 1/2-1/2

[Event "10. Forchheimer Sparkassen Open"]
[Site "Forchheim"]
[Date "2011.10.08"]
[Round "3.19"]
[White "Kölbl, Wolfgang"]
[Black "Schütz, Robert"]
[Result "1-0"]
[WhiteElo "1812"]
[BlackElo "1616"]
[PlyCount "35"]
[EventDate "2011.??.??"]

1. d4 {[%emt 0:00:00]} d5 2. Nf3 Nf6 3. c3 e6 4. Bg5 Nbd7 5. e3 Be7 6. Nbd2 c5
7. Bd3 b6 8. Ne5 Bb7 9. f4 Ne4 10. Bxe7 Qxe7 11. Nxe4 dxe4 12. Bb5 Bc8 13. Qa4
f6 14. Nc6 Qd6 15. Rd1 Qc7 16. d5 exd5 17. Rxd5 Kf7 18. Qc4 1-0

[Event "10. Forchheimer Sparkassen Open"]
[Site "Forchheim"]
[Date "2011.10.08"]
[Round "3.21"]
[White "Siegl, Adrian"]
[Black "Wissel, Daniel"]
[Result "0-1"]
[WhiteElo "1548"]
[BlackElo "1762"]
[PlyCount "90"]
[EventDate "2011.??.??"]

1. e4 {[%emt 0:00:00]} b6 2. Bc4 Bb7 3. Nc3 Nf6 4. d3 e6 5. Bg5 Bb4 6. Nge2 d5
7. exd5 exd5 8. Bb5+ c6 9. Ba4 d4 10. a3 Be7 11. Bxf6 Bxf6 12. Ne4 O-O 13. O-O
c5 14. N2g3 Be5 15. Re1 Qc7 16. Qe2 Nc6 17. f3 h6 18. Kh1 Rae8 19. Bb3 Kh8 20.
Qf2 Bf4 21. Nh5 Be3 22. Qg3 Qxg3 23. Nhxg3 Na5 24. Ba4 Re6 25. Nf5 g6 26. Nxe3
dxe3 27. Rxe3 f5 28. b4 Bc6 29. bxa5 Bxa4 30. axb6 axb6 31. Nxc5 Rxe3 32. Nxa4
b5 33. Nc3 Rc8 34. Nd5 Re2 35. Nb4 Rce8 36. h3 Re1+ 37. Rxe1 Rxe1+ 38. Kh2 Ra1
39. d4 Rxa3 40. d5 Kg7 41. Kg3 Kf6 42. Nc6 Rc3 43. Nd4 Rc5 44. d6 Rd5 45. c3
Rxd4 0-1

[Event "10. Forchheimer Sparkassen Open"]
[Site "Forchheim"]
[Date "2011.10.08"]
[Round "3.22"]
[White "Mann, Johannes"]
[Black "Petermann, Jan"]
[Result "1-0"]
[WhiteElo "1728"]
[BlackElo "1597"]
[PlyCount "85"]
[EventDate "2011.??.??"]
[WhiteTeam "SC Forchheim e.V."]
[BlackTeam "SV Puschendorf 1949 e.V."]

1. e4 {[%emt 0:00:00]} d6 2. Nc3 Nf6 3. g3 g6 4. Bg2 Bg7 5. d3 Nc6 6. f4 Bg4 7.
Nf3 Nd4 8. h3 Bxf3 9. Bxf3 Nxf3+ 10. Qxf3 c6 11. g4 Qc7 12. Be3 Nd7 13. O-O
O-O-O 14. Qf2 Rhf8 15. Bd4 Bxd4 16. Qxd4 Qb6 17. Qxb6 Nxb6 18. b4 Kd7 19. a4
Rc8 20. a5 Na8 21. Ne2 Nc7 22. c4 f5 23. Kh2 d5 24. gxf5 dxe4 25. dxe4 gxf5 26.
Rad1+ Ke8 27. e5 Rg8 28. Rf3 e6 29. Rfd3 Rg7 30. Ng3 Rf7 31. Nh5 Kf8 32. Rd7
Ne8 33. Nf6 Rc7 34. Rd8 Rfe7 35. Rg1 Kf7 36. Rg8 Ng7 37. Rdf8+ Kg6 38. Ne8 Rcd7
39. Rf6+ Kh5 40. Nxg7+ Rxg7 41. Rxg7 Rxg7 42. Rxe6 a6 43. Rf6 1-0

[Event "10. Forchheimer Sparkassen Open"]
[Site "Forchheim"]
[Date "2011.10.08"]
[Round "3.23"]
[White "Wiemann, Daniel"]
[Black "Häusler, Yannick"]
[Result "0-1"]
[WhiteElo "959"]
[BlackElo "1723"]
[PlyCount "106"]
[EventDate "2011.??.??"]

1. e4 {[%emt 0:00:00]} c5 2. Nf3 d6 3. c3 Nf6 4. Qe2 a6 5. d4 cxd4 6. cxd4 b5
7. Bg5 Nbd7 8. Bxf6 Nxf6 9. g3 Bb7 10. Nbd2 Qa5 11. d5 Rc8 12. Bg2 g6 13. a3
Bg7 14. Rb1 O-O 15. O-O Rc7 16. Rfc1 Rfc8 17. Rxc7 Rxc7 18. Qe1 Nd7 19. Nf1 Qa4
20. Ne3 Qxe4 21. Nd2 Qa4 22. Qd1 Qxd1+ 23. Nxd1 Nb6 24. Ne3 Bh6 25. f4 Bg7 26.
Kf2 Bd4 27. Ndf1 Bxd5 28. Bxd5 Nxd5 29. Ke2 Nxe3 30. Nxe3 Bxe3 31. Kxe3 Kg7 32.
Ke4 Kf6 33. g4 h6 34. f5 Rc4+ 35. Kf3 gxf5 36. gxf5 Kxf5 37. Ke3 f6 38. Rf1+
Kg4 39. Rg1+ Kf5 40. Rf1+ Ke5 41. Kd3 f5 42. Re1+ Kf6 43. Rf1 e5 44. b3 Rh4 45.
Rh1 e4+ 46. Ke3 Ke5 47. a4 bxa4 48. bxa4 d5 49. Rb1 d4+ 50. Ke2 d3+ 51. Ke1 e3
52. Rb6 Rxa4 53. Rxh6 Ra1# 0-1